Studies for replication in child development /

Saved in:
Bibliographic Details
Other Authors: Eson, Morris E., Wilkinson, H. Jean
Format: Book
Language:English
Published: New York : Holt, Rinehart and Winston, [1975].
Subjects:
LEADER 00965nam a2200265 i 4500
001 c000250359
003 CARM
005 20100728152726.0
008 840313s1975 nyu 0 eng d
019 1 |a 23895986  |z 729830  |5 LACONCORD2021 
020 |a 0030854059 
035 |a (OCoLC)1085760  |5 LACONCORD2021 
040 |a VLU  |c VLU 
082 0 4 |a 370.15 
245 0 0 |a Studies for replication in child development /  |c edited by Morris E. Eson and H. Jean Wilkinson. 
260 |a New York :  |b Holt, Rinehart and Winston,  |c [1975]. 
300 |a 252 p. :  |b ill. 
504 |a Includes bibliographies. 
650 0 |a Child psychology. 
650 0 |a Educational psychology. 
700 1 |a Eson, Morris E. 
700 1 |a Wilkinson, H. Jean. 
852 8 |b CARM  |h A1:AP20C0  |i C09178  |p 0370610  |f BK 
999 f f |i 2d1d1bf7-1eef-5adb-adce-5cdba42c0373  |s 37fbe9e1-1d1b-556f-8774-598104393882 
952 f f |p Can circulate  |a CAVAL  |b CAVAL  |c CAVAL  |d CARM 1 Store  |e C09178  |f A1:AP20C0  |h Other scheme  |i book  |m 0370610